000 00484nam a22001457a 4500
003 MACL
005 20190407164025.0
008 190407b xxu||||| |||| 00| 0 eng d
040 _cMACL
100 _aदेशपांडे,डॉ. शिरीष गोपाल
_974221
245 _aवैकल्‍य
260 _aनई दिल्‍ली
_bविद्या विकास एकेडेमी
_c2016
650 _aउपन्‍यास
_974222
942 _2ddc
_cHIN
999 _c59323
_d59323